Theodor Fontaine as a critic of the drama /

Bibliographic Details
Main Author: Trebein, Bertha Eleanor, 1874-
Format: Book
Language:English
Published: New York : AMS Press, 1966
Series:Columbia University Germanic studies ; no. 21.
Subjects:

MARC

Tag First Indicator Second Indicator Subfields
LEADER 00000cam a2200000 4500
001 in00000478421
005 20151012165258.0
008 720426r19661916nyu b 00110deng u
035 |a (OCoLC)00295201 
035 |9 ABZ8485AM 
040 |c WSU  |d TXA  |d UtOrBLW 
049 |a TXAM  |c [1394825] 
090 |a PT1863.Z7  |b T7 1966 
100 1 |a Trebein, Bertha Eleanor,  |d 1874- 
245 1 0 |a Theodor Fontaine as a critic of the drama /  |c by Bertha E. Trebein. 
264 1 |a New York :  |b AMS Press,  |c 1966 
264 4 |c [©1916] 
300 |a xxxii, 198 pages ;  |c 23 cm. 
336 |a text  |b txt  |2 rdacontent 
337 |a unmediated  |b n  |2 rdamedia 
338 |a volume  |b nc  |2 rdacarrier 
500 |a Reprint of the edition published by Columbia University Press in series: Columbia University Germanic studies [no.21]. 
500 |a Published also as the author's thesis (Ph. D.) Columbia University, 1916. 
504 |a Bibliography: pages [177]-188. 
600 1 0 |a Fontane, Theodor,  |d 1819-1898. 
830 0 |a Columbia University Germanic studies ;  |v no. 21. 
999 |a MARS 
999 f f |s 2dd3f05a-f7a1-3f59-a8c2-3f106d1f3494  |i 3c78d3ea-00b0-3220-b864-149fad51a1d3  |t 0 
952 f f |p ric  |a Texas A&M University  |b Rellis Campus  |c Joint Library Facility  |d Remote Storage  |t 0  |e PT1863.Z7 T7 1966  |h Library of Congress classification  |i unmediated -- volume  |m A14804148946 
998 f f |a PT1863.Z7 T7 1966  |t 0  |l Remote Storage